00801nam a2200193 i 450000100060000000300090000600500170001500700030003200800410003510000400007624500900011625000240020626000440023030000220027450501970029665000420049365100520053585200200058735844ES-MaACL20230906155227.0t|160411s1879 fr ||||1| fre d1 aBarthélemy, Charles (d1825-1888)10aErreurs et mensonges historiques. nSeizième série / cpar M. Ch. Barthélémy. aNouvelle édition. aParis : bLibrairie Blériot, c[188?] a267 p. ; c19 cm.8 aContiene: Les abus de l'ancien régime. - Ce qu'étaient les Albigeois. - La vérité sur le pape Clément V. - Le procès des Templiers. - Le pape Jean XXII. - Les crimes des Girondins. 4aHistoria-xErrores, invenciones, etc. 4aFrancia-xHistoria-xErrores, invenciones, etc. aES-MaACLjG-137